<?xml version='1.0' encoding='UTF-8'?><?xml-stylesheet href='static/style.xsl' type='text/xsl'?><OAI-PMH xmlns="http://www.openarchives.org/OAI/2.0/" xmlns:xsi="http://www.w3.org/2001/XMLSchema-instance" xsi:schemaLocation="http://www.openarchives.org/OAI/2.0/ http://www.openarchives.org/OAI/2.0/OAI-PMH.xsd"><responseDate>2026-05-01T12:34:24Z</responseDate><request verb="GetRecord" identifier="oai:ebiltegia.mondragon.edu:20.500.11984/4943" metadataPrefix="marc">https://ebiltegia.mondragon.edu/oai/request</request><GetRecord><record><header><identifier>oai:ebiltegia.mondragon.edu:20.500.11984/4943</identifier><datestamp>2024-01-04T21:57:02Z</datestamp><setSpec>com_20.500.11984_1736</setSpec><setSpec>com_20.500.11984_1627</setSpec><setSpec>col_20.500.11984_1972</setSpec></header><metadata><record xmlns="http://www.loc.gov/MARC21/slim" xmlns:dcterms="http://purl.org/dc/terms/" xmlns:xsi="http://www.w3.org/2001/XMLSchema-instance" xmlns:doc="http://www.lyncode.com/xoai" xsi:schemaLocation="http://www.loc.gov/MARC21/slim http://www.loc.gov/standards/marcxml/schema/MARC21slim.xsd">
   <leader>00925njm 22002777a 4500</leader>
   <datafield ind2=" " ind1=" " tag="042">
      <subfield code="a">dc</subfield>
   </datafield>
   <datafield ind2=" " ind1=" " tag="720">
      <subfield code="a">Mondragon Unibertsitatea</subfield>
      <subfield code="e">author</subfield>
   </datafield>
   <datafield ind2=" " ind1=" " tag="260">
      <subfield code="c">2017-05-02</subfield>
   </datafield>
   <datafield ind2=" " ind1=" " tag="520">
      <subfield code="a">Richar Gever (Londres, 1969) hezkuntza eta berrikuntzan punta-puntako adituak hitzaldia emango du, maitzaren 17an, Arrasateko Amaia antzokian. Humanitate eta Hezkuntza Zientzien Fakultateak antolatu du ekitaldia bere 40. urteurrena ospatzeko. Hitzaldia 18:30etan hasiko da eta joan ahal izateko, aldez aurretik izena eman beharko da interneten.</subfield>
   </datafield>
   <datafield ind2=" " ind1=" " tag="520">
      <subfield code="a">El experto en educación e innovación Richard Gerver dará una conferencia el próximo en el Teatro Amaya de Mondragón dentro de los actos del 40ª aniversario de la Facultad de Humanidades y Ciencias de la Educación. Para acudir a la conferencia será necesario inscribirse previamente en internet.</subfield>
   </datafield>
   <datafield ind1="8" ind2=" " tag="024">
      <subfield code="a">https://hdl.handle.net/20.500.11984/4943</subfield>
   </datafield>
   <datafield tag="653" ind2=" " ind1=" ">
      <subfield code="a">Humanitate eta Hezkuntza Zientzien Fakultatea</subfield>
   </datafield>
   <datafield ind2="0" ind1="0" tag="245">
      <subfield code="a">Richard Gerver hezkuntza eta berrikuntza adituak hitzaldia emango du, maiatzaren 17an, Humanitate eta Hezkuntza Zientzien Fakultateko 40. urteurrenean</subfield>
   </datafield>
   <datafield ind2="0" ind1="0" tag="245">
      <subfield code="a">Richard Gerver, experto en educación e innovación, dará una conferencia el día 17 de mayo dentro de los actos del 40ª aniversario de la Facultad de Humanidades y Ciencias de la Educación</subfield>
   </datafield>
</record></metadata></record></GetRecord></OAI-PMH>